A very public life. Volume I: Far from home

Bewaard in:
Bibliografische gegevens
Hoofdauteur: Martin, Paul
Formaat: Boek
Taal:English
Gepubliceerd in: Ottawa, Canadá Deneau 1983
Onderwerpen:
Tags: Voeg label toe
Geen labels, Wees de eerste die dit record labelt!

MARC

LEADER 00000nam a2200000Ia 4500
008 170316s9999 xx 000 0 eng d
040 |a cru BVZT 
090 |a 818 M-12a 
100 |a Martin, Paul 
245 |a A very public life. Volume I: Far from home  |c Paul Martin 
260 |a Ottawa, Canadá 
260 |b Deneau 
260 |c 1983 
300 |a 482 páginas. Vol. I 
650 |a LITERATURA CANADIENSE 
999 |c 6548  |d 6548 
942 |c 15 D  |h 818 M-12a  |2 z